1956 1223 1940 1909 1355 1183 1833 1174 1849 1265 1539 1491 1451 1603 1365 1429 1945 1142 1129 1349 1731 1021 1070 1820 1936 1087 1128 1137 1264 1902 1534 1950 1984 1364 1143 1598 1246 1436 1816 1235 1341 1225 1902 1048 1104 1795 1280 1116 1838 1377 1193 1854 1595 1757 1546 1161 1315 1357 1750 1382 1355 1492 1923 1900 1088 1740 1251 1723 1884 1257 1473 1318 1806 1004 1079 1409 1565 1069 1509 1247 1245 1881 1581 1344 1083 1896 1020 1344 1889 1381 1737 1402 1692 1789 1441 1799 1023 1184 1283 BCNSPRNW ULIB Ver.6.0+V

เปลี่ยนเป็นภาษาไทย

Change to English
 แสดงรายละเอียดบรรณานุกรม
  กลับหน้าหลัก

Brief Record : Get Marc (ISO 2709) : E-mail record : QR code < ปิดหน้าต่าง
LEADER : 00000nam 2200000uu 4500
001    13399114965
003     ULIB
008    120626s2550||||th 000 0 tha d
020    ^a9741331487
020    ^a9789741331482
050  4 ^aLB1051^bส858จ 2550
100 0  ^aสุรางค์ โค้วตระกูล
245 10 ^aจิตวิทยาการศึกษา /^cสุรางค์ โค้วตระกูล
250    ^aพิมพ์ครั้งที่ 7
260    ^aกรุงเทพฯ :^bสำนักพิมพ์แห่งจุฬาลงกรณ์มหาวิทยาลัย,^c2550
300    ^a490 หน้า :^bภาพประกอบ ;^c26 ซม.
650  4 ^aจิตวิทยาการศึกษา
945    ^p0^l0^i15172
995    ^aกัณชพร
999 ^a ใช้งานได้ทุกระบบ
รายการนี้ยังไม่มีแท็ก
คุณยังไม่ได้ล็อกอิน คุณสามารถมีกิจกรรมร่วมกับเว็บไซต์ได้ แต่ต้องล็อกอินก่อน ::
  ล็อกอิน

รายการสื่อสารสนเทศ

ลำดับที่ ประเภท เลขเรียก/บาร์โค้ด สถานที่ สถานะ
- ไม่พบข้อมูล -

รายการใกล้เคียง
    ผู้แต่ง [สุรางค์ โค้วตระกูล]

    หัวเรื่อง [จิตวิทยาการศึกษา]

BibComment


ยังไม่เคยถูกคอมเมนท์

คอมเมนท์ทรัพยากรรายการนี้
  คอมเมนท์: จิตวิทยาการศึกษา..


 Copyright 2026. Bcnsprnw @Library